Mutiny on the Bounty / (Record no. 4850)

MARC details
000 -LEADER
fixed length control field 01404nam a22003017a 4500
001 - CONTROL NUMBER
control field 4850
003 - CONTROL NUMBER IDENTIFIER
control field FISKH
005 - DATE AND TIME OF LATEST TRANSACTION
control field 20241017162510.0
008 - FIXED-LENGTH DATA ELEMENTS--GENERAL INFORMATION
fixed length control field 241017b cb ||||| |||| 00| 0 eng d
020 ## - INTERNATIONAL STANDARD BOOK NUMBER
International Standard Book Number 9780194789110
040 ## - CATALOGING SOURCE
Original cataloging agency FISKH
Language of cataloging eng
Transcribing agency FISKH
Modifying agency FISKH
050 ## - LIBRARY OF CONGRESS CALL NUMBER
Classification number PE1126.A4
082 ## - DEWEY DECIMAL CLASSIFICATION NUMBER
Classification number 428
100 ## - MAIN ENTRY--PERSONAL NAME
Personal name Vicary, Tim
245 ## - TITLE STATEMENT
Title Mutiny on the Bounty /
Statement of responsibility, etc. by Tim Vicary
250 ## - EDITION STATEMENT
Edition statement First published in Oxford Bookworms 1994
260 ## - PUBLICATION, DISTRIBUTION, ETC.
Place of publication, distribution, etc. New York :
Name of publisher, distributor, etc. Oxford University Press ;
Date of publication, distribution, etc. 2008.
300 ## - PHYSICAL DESCRIPTION
Extent 56 pages :
Other physical details illustrations ;
Dimensions 21 cm .
490 ## - SERIES STATEMENT
Series statement Oxford Bookworms
Volume/sequential designation Stage 1
505 ## - FORMATTED CONTENTS NOTE
Formatted contents note H <br/>
520 ## - SUMMARY, ETC.
Summary, etc. This award-winning collection of adapted classic literature and original stories develops reading skills for low-beginning through advanced students. Accessible language and carefully controlled vocabulary build students' reading confidence. Introductions at the beginning of each story, illustrations throughout, and glossaries help build comprehension. Before, during, and after reading activities included in the back of each book strengthen student comprehension. Audio versions of selected titles provide great models of intonation and pronunciation of difficult words.
521 8# - TARGET AUDIENCE NOTE
Target audience note 430 <br/>
Source Lexile <br/>
521 8# - TARGET AUDIENCE NOTE
Target audience note H <br/>
Source Raz-Plus <br/>
650 ## - SUBJECT ADDED ENTRY--TOPICAL TERM
Topical term or geographic name entry element adventure
Form subdivision fiction
700 ## - ADDED ENTRY--PERSONAL NAME
Personal name Basssett, Jennifer
Relator term Series Editor
942 ## - ADDED ENTRY ELEMENTS (KOHA)
Source of classification or shelving scheme Dewey Decimal Classification
Koha item type Books
Suppress in OPAC No
Holdings
Withdrawn status Lost status Source of classification or shelving scheme Damaged status Not for loan Collection Home library Current library Shelving location Date acquired Total Checkouts Full call number Barcode Date last seen Date last checked out Price effective from Koha item type
    Dewey Decimal Classification     Fiction Footprints International School Library Network Toul Kork Campus Footprints International School Library Network Toul Kork Campus TTP Primary Dark Blue Bookshelves 10/17/2024 1 VIC 428 PE1126.A4 FIS00278 05/22/2025 05/16/2025 10/17/2024 Books